Т. 4 : Литосфера Земли (по геофизическим данным). Ч. 2. Континентальная литосфера (островные дуги и планетарные пояса сжатия литосферы); Физика Земли

Bibliografske podrobnosti
Parent link:Физика Земли/ Академия наук СССР (АН СССР), Всесоюзный институт научной и технической информации (ВИНИТИ). Т. 4 : Литосфера Земли (по геофизическим данным). Ч. 2. Континентальная литосфера (островные дуги и планетарные пояса сжатия литосферы).— , 1974-1986.— 0202-7313
Glavni avtor: Ушаков С. А.
Drugi avtorji: Галушкин Ю. И. (редактор), Федынский В. В., Лосев К. С.
Jezik:ruščina
Izdano: 1979
Teme:
Format: MixedMaterials Knjiga
KOHA link:https://koha.lib.tpu.ru/cgi-bin/koha/opac-detail.pl?biblionumber=343354

MARC

LEADER 00000nam2a2200000 4500
001 343354
005 20231102005541.0
035 |a (RuTPU)RU\TPU\book\373480 
090 |a 343354 
100 |a 20190904d1979 k y0rusy50 ca 
101 0 |a rus 
102 |a RU 
105 |a a z 001zy 
200 0 |a Т. 4 : Литосфера Земли (по геофизическим данным). Ч. 2. Континентальная литосфера (островные дуги и планетарные пояса сжатия литосферы)  |f С. А. Ушаков, Ю. И. Галушкин  |g под ред. В. В. Федынского, К. С. Лосева 
210 |d 1979 
215 |a 223 с.  |c ил. 
320 |a Библиогр.: 204-222 
461 1 |0 (RuTPU)RU\TPU\book\298518  |x 0202-7313  |t Физика Земли  |f Академия наук СССР (АН СССР), Всесоюзный институт научной и технической информации (ВИНИТИ)  |v Т. 4 : Литосфера Земли (по геофизическим данным). Ч. 2. Континентальная литосфера (островные дуги и планетарные пояса сжатия литосферы)  |d 1974-1986  |s Физика Земли 
606 1 |a Физика Земли  |2 stltpush  |3 (RuTPU)RU\TPU\subj\63719  |9 80697 
606 1 |a Литосфера  |2 stltpush  |3 (RuTPU)RU\TPU\subj\40435  |9 60284 
610 1 |a геофизические данные 
610 1 |a островные дуги 
610 1 |a литосферные плиты 
610 1 |a планетарные пояса 
610 1 |a сжатие 
610 1 |a столкновения 
610 1 |a эволюция 
610 1 |a тектоника 
610 1 |a осадки 
610 1 |a отложения 
675 |a 550.3  |v 3 
675 |a 551.14  |v 3 
700 1 |a Ушаков  |b С. А. 
701 1 |a Галушкин  |b Ю. И. 
702 1 |a Федынский  |b В. В.  |4 340 
702 1 |a Лосев  |b К. С.  |4 340 
801 1 |a RU  |b 63413507  |c 20190904 
801 2 |a RU  |b 63413507  |c 20220902  |g RCR 
942 |c BK